| 000 | 00423nam a22001337a 4500 | ||
|---|---|---|---|
| 003 | SGT | ||
| 082 |
_a617.645 _bS24S |
||
| 100 | _aSharma, Sugandha | ||
| 245 | _aA study of relationship between spacing and caries experience in primary anterior teeth amongst 3 to 6 years old children | ||
| 260 |
_aSGT University _bDepartment of Pediatric Dentistry _c2024 |
||
| 300 | _a63 | ||
| 650 | _aPediatric Dentistry | ||
| 942 |
_2ddc _cTH |
||
| 999 |
_c27105 _d27105 |
||